000 00808cam a2200229 a 4500
003 CO-ViMGA
005 20230915233139.0
008 121215s2011 sp gr 00011dspa d
020 _a9788437628592
040 _aCO-ViMGA
_bspa
_cCO-ViMGA
082 0 4 _a863.609
_bC83
_219
245 0 0 _aCuentos fantásticos del romanticismo hispanoamericano /
_cedición de José María Martínez.
250 _aEdición de José María Martínez.
260 _aMadrid :
_bEdiciones Cátedra,
_c2011.
300 _a347 p. ;
_c18 cm.
490 1 _aLetras hispánicas ;
_v689
504 _aIncluye bibliografías.
650 1 4 _aNovela fantástica
_x Historia y crítica.
_94260
650 1 4 _aNovela hispanoamericana
_x Historia y crítica.
_94259
700 1 _aMartínez, José María,
_eed.
_94261
942 _2ddc
_cBK
999 _c35711
_d35711